000 00820nam a2200265Ia 4500
003 OSt
005 20220925232539.0
006 a|||||r|||| 00| 0
007 ta
008 220923b |||||||| |||| 00| 0 eng d
037 _cGeneral Book
040 _aRTL
_cRTL
_beng
041 _2eng
_aeng
082 _aX9(J):75.2. N9, P0/GD
100 _aJeromi P D
_9297452
245 0 _aModernising Indian agriculture priority tasks and critical Policies
260 _aMumbai
_bR B I India
_c2000
300 _a114p.
_ccm.
490 _aReserve Bank of India; Development Research Group Study; 21
500 _aBibliography: P 105-114
650 _aAgricultural Economics
700 _a Rao V M
942 _hX9(J):75.2. N9, P0/GD
_cGB
_2CC
999 _c591596
_d591596